000 00679nmm a2200253 a 4500
003 AR-BaBNM
005 20251128210235.0
008 249019s1998 ||||||||||||||000 | spa||
020 _a950-07-0086-7
040 _cAR-BaBNM
100 1 _aGarcía Márquez, Gabriel
245 1 0 _aRelato de un náufrago
250 _a61ª ed.
260 _aBuenos Aires
_bSudamericana
_c1998
300 0 _a163 p.
_bmapas
_eguía de trabajo para el profesor
650 4 _aLITERATURA LATINOAMERICANA
650 4 _aLITERATURA CONTEMPORANEA
650 4 _aTESTIMONIOS
650 4 _aPERIODISMO
653 0 _aLITERATURA COLOMBIANA
655 _aLITERATURA
942 _cBK
998 _cMARTIN
999 _c14619
_d14619